| 000 | 01053nam a22002417a 4500 | ||
|---|---|---|---|
| 005 | 20240530110541.0 | ||
| 008 | 160514s2013 ua a g 000 0 ara d | ||
| 017 |
_a22758/2012 _bمصر . دار الكتب المصرية |
||
| 020 | _a9789773504954 | ||
| 040 | _aEG-CaGPL | ||
| 082 | 0 | 4 |
_221 _a370.711\ _bف ب |
| 100 | 0 | _aفوزية محمود النجاحى . | |
| 245 | 1 | 2 |
_aالبحوث العلمية و الدراسات الميدانية فى مجالات الطفولة اعداد و تدريب معلمة الاطفال / _cفوزية محمود النجاحى ، حنان محمد عبدالحليم نصار . |
| 250 | _aط.1. | ||
| 260 |
_aالقاهرة : _bدار الكتاب الحديث ، _c2013 . |
||
| 300 |
_a267 ص : _bايض ؛ _c24 سم . |
||
| 650 | 0 | 4 |
_aالتعليم _xبحوث . |
| 650 | 0 | 4 | _aرياض الاطفال . |
| 650 | 0 | 4 |
_aالمدرسون _xتدريب . |
| 700 | 0 |
_aحنان محمد عبدالحليم نصار _eمؤلف مشارك . |
|
| 942 |
_2ddc _cBK |
||
| 999 |
_c62260 _d62260 |
||